| 000 | 00423 a2200133 4500 | ||
|---|---|---|---|
| 082 |
_a861 _bT649b |
||
| 100 |
_aGold, Janet y Toledo, Aida _91009 |
||
| 245 |
_aThe Kindness of Cybernetics _bBondades de la Cibernetica |
||
| 260 |
_aGuatemala _bEdiciones Papiro _c1998 |
||
| 300 |
_a90 p _bill (col) _c20 cm |
||
| 650 |
_aPoesia _xliteratura _zGuatemala _zEstados Unidos _91010 |
||
| 700 |
_aJanet Gold _91011 |
||
| 700 |
_aAida Toledo _91012 |
||
| 999 |
_c218 _d218 |
||